Petersen's Ford tune-up & repair /

Bibliographic Details
Corporate Authors: Petersen Publishing Company. Specialty Publications Division, Petersen Publishing Company
Other Authors: Murray, Spence, 1927-
Format: Book
Language:English
Published: Los Angeles : Petersen Pub. Co., [1979]
Subjects:

MARC

Tag First Indicator Second Indicator Subfields
LEADER 00000cam a2200000 i 4500
001 in00000030613
005 20151007062945.0
008 790413s1979 caua 00000 eng
010 |a  78065687  
020 |a 0822750414 :  |c $4.95 ($5.95 Can) 
035 |a (OCoLC)04933636 
035 |9 AAD6193AM 
040 |a DLC  |c DLC  |d TXA  |d UtOrBLW 
049 |a TXAM  |c [980679] 
050 0 0 |a TL215.F7  |b P47 
082 0 |a 629.28/7/22 
245 0 0 |a Petersen's Ford tune-up & repair /  |c [edited by Spence Murray and the staff of the Specialty Publications Division]. 
264 1 |a Los Angeles :  |b Petersen Pub. Co.,  |c [1979] 
264 4 |c ©1979 
300 |a 192 pages :  |b illustrations ;  |c 28 cm. 
336 |a text  |b txt  |2 rdacontent 
337 |a unmediated  |b n  |2 rdamedia 
338 |a volume  |b nc  |2 rdacarrier 
650 0 |a Ford automobile. 
700 1 |a Murray, Spence,  |d 1927- 
710 2 |a Petersen Publishing Company.  |b Specialty Publications Division. 
710 2 |a Petersen Publishing Company. 
740 0 |a Ford tune-up & repair. 
999 |a MARS 
999 f f |s b71ce84a-2e5a-374c-8ddc-bf6e550bfea9  |i 71baf414-5669-3ecc-98cf-8855ebfd09f2  |t 0 
952 f f |p ric  |a Texas A&M University  |b Rellis Campus  |c Joint Library Facility  |d Remote Storage  |t 0  |e TL215.F7 P47  |h Library of Congress classification  |i unmediated -- volume  |m A14805525395 
998 f f |a TL215.F7 P47  |t 0  |l Remote Storage